| 000 | 00544nam a22001937a 4500 | ||
|---|---|---|---|
| 005 | 20241010160847.0 | ||
| 010 | _aENG-142089 | ||
| 020 |
_a9789393274038 _c1500.00 |
||
| 035 | _aEN-125621 | ||
| 037 | _bDBAD | ||
| 082 | 0 | 4 | _a954 |
| 100 |
_aPANDEY ANURADHA _972612 |
||
| 245 | 1 | 0 |
_aANCIENT INDIAN CULTURE/ _bANURADHA PANDEY |
| 260 |
_aNEW DELHI _bNISHA SCIENTIFIC _c2022 |
||
| 270 |
_a20/4637,ANSARI ROAD,DARYAGANJ _bNEW DELHI _e110002 |
||
| 300 |
_a278 p. : _b23c.m(HB) |
||
| 700 | 1 | _952394 | |
| 942 |
_2ddc _cEN _h954 _mPAN |
||
| 999 |
_c206277 _d206277 |
||